000 00480nam a2200169Ia 4500
003 GCL
008 140319s9999 xx 000 0 ara d
040 _aGCL /
_cGCL
082 0 4 _aد
_b050
100 1 _aحسن عبدالله القرشى
245 1 0 _aانات الساقية (اقرا 167 ) /
_cحسن عبدالله القرشى
300 _a119
490 _aاقرأ
_v0
650 0 4 _aالقصص القصيرة
650 0 4 _aالقصص القرآنية
942 _2ddc
_cBK
999 _c48616
_d48616